Intimacy undone: (Record no. 145599)
[ view plain ]
| 000 -LEADER | |
|---|---|
| fixed length control field | 00906nam a22002297a 4500 |
| 005 - DATE AND TIME OF LATEST TRANSACTION | |
| control field | 20230301120430.0 |
| 010 ## - LCCN (DPL NO) | |
| LC control number | 1718EN-30 ENG-122885 B-681999-002 ENG-136163 |
| 020 ## - INTERNATIONAL STANDARD BOOK NUMBER | |
| International Standard Book Number | 9789386050564 |
| Terms of availability | 799.00 |
| 035 ## - SYSTEM CONTROL NUMBER | |
| System control number | B-681999-002 |
| 035 ## - SYSTEM CONTROL NUMBER | |
| System control number | EN-119695 |
| 037 ## - SOURCE OF ACQUISITION | |
| Source of stock number/acquisition | Pragati |
| Stock number | dpl |
| 037 ## - SOURCE OF ACQUISITION | |
| Source of stock number/acquisition | DBAD/PUB. |
| 082 ## - DEWEY DECIMAL CLASSIFICATION NUMBER | |
| Classification number | 346.54016 |
| 100 ## - MAIN ENTRY--PERSONAL NAME | |
| Personal name | Rajkotia, Malavika |
| 245 14 - TITLE STATEMENT | |
| Title | Intimacy undone: |
| Remainder of title | marriage, divorce and family law in India / |
| Statement of responsibility, etc | by Malavika Rajkotia |
| 260 ## - PUBLICATION, DISTRIBUTION, ETC. (IMPRINT) | |
| Place of publication, distribution, etc | New Delhi |
| Name of publisher, distributor, etc | Speaking Tiger Publishing |
| Date of publication, distribution, etc | 2017 |
| 270 ## - ADDRESS | |
| Address | 4381/4,Ansari Road,Daryaganj |
| City | New Delhi |
| Postal code | 110002 |
| 300 ## - PHYSICAL DESCRIPTION | |
| Extent | xiv, 418p. |
| Dimensions | 22cm.(Hb) |
| 500 ## - GENERAL NOTE | |
| General note | Includes references and index |
| 942 ## - ADDED ENTRY ELEMENTS (KOHA) | |
| Source of classification or shelving scheme | Dewey Decimal Classification |
| Item type | English Books |
| Call number suffix | RAJ |
| Classification part | 346.54016 |
| Withdrawn status | Lost status | Not for loan | Collection code | Home library | Current library | Date acquired | Source of acquisition | Cost, normal purchase price | Full call number | Barcode | Copy number | Cost, replacement price | Koha item type |
|---|---|---|---|---|---|---|---|---|---|---|---|---|---|
| Non-fiction | Ashok Vihar | Ashok Vihar | 08/05/2018 | Pragati/142/27.11.2017/672/20.11.2017/28.11.2017 | 799.00 | 346.54016 RAJ | B-682000 | 1 | 799.00 | English Books | |||
| Non-fiction | D.B.Act.Division | Central Library | 04/05/2018 | DBAD/PUB | 799.00 | 346.54016 RAJ | EN-106417 | 1 | 799.00 | English Books | |||
| Non-fiction | Central Library | Central Library | 08/05/2018 | Pragati/142/27.11.2017/672/20.11.2017/28.11.2017 | 799.00 | 346.54016 RAJ | B-681999 | 1 | 799.00 | English Books | |||
| Non-fiction | Patel Nagar | Patel Nagar | 08/05/2018 | Pragati/142/27.11.2017/672/20.11.2017/28.11.2017 | 799.00 | 346.54016 RAJ | B-682001 | 1 | 799.00 | English Books | |||
| Non-fiction | R.K.Puram-8 | R.K.Puram-8 | 08/02/2023 | DBAD/PUB | 799.00 | 346.54016 RAJ | EN-119695 | 1 | 799.00 | English Books | |||
| Non-fiction | Shahdara Branch | Shahdara Branch | 08/05/2018 | Pragati/142/27.11.2017/672/20.11.2017/28.11.2017 | 799.00 | 346.54016 RAJ | B-682002 | 1 | 799.00 | English Books |
